000 00411nam a22001697a 4500
003 MPLRDC
005 20220104123530.0
008 210129b ||||| |||| 00| 0 eng d
082 _a803.188 LDY
100 _a刘德有
245 _a现代日语趣谈
_c
250 _a一版一刷
260 _a
_b辽宁人民出版社
_c1983
300 _b
650 _a日语会话读本
942 _cBK
_o803.188 LDY
999 _c12160
_d12150